| 000 | 004600000a22001570004500 | ||
|---|---|---|---|
| 041 | 0 | _aSPA | |
| 082 | 0 | 4 | _aG 868.34 C9573v |
| 100 | 1 | _aJuan de la Cruz, San (1542-1591) | |
| 245 | 1 | 0 | _aVida y obras de San Juan de la Cruz / San Juan de la Cruz ; Crisogono de Jesús, Biografía |
| 250 | _a5 | ||
| 260 | _aMadrid, España : Biblioteca de Autores Cristianos | ||
| 300 | _a1111 Pag | ||
| 440 | 0 | _aBiblioteca de Autores Cristianos | |
| 001 | 11176 | ||
| 942 | _cBK | ||
| 999 |
_c40542 _d40542 |
||